| 000 | 01250nam a22003131u 4500 | ||
|---|---|---|---|
| 001 | 04383 | ||
| 003 | HDC | ||
| 007 | cr cn ---aaaaa | ||
| 008 | 210116p2010 fo d 00 engg | ||
| 040 | _aHDC | ||
| 100 |
_aZhari Ismail _eauthor _94487 |
||
| 245 | 0 |
_aHalal Nutraceutical Market: Issues And Challenges / by _cZhari Ismail and Abdul Halim Ehsan |
|
| 260 |
_a[no place]: _b[publisher not identified], _c2010 |
||
| 300 | _a 1 online resource (22 pages) | ||
| 336 |
_atext _2rdacontent |
||
| 337 |
_acomputer _2rdamedia |
||
| 338 |
_aonline resource _2rdacarrier |
||
| 650 |
_agrowing nutraceutical sector _94643 |
||
| 650 |
_aHalal nutraceuticals _94488 |
||
| 650 |
_ahealthcare industries _94644 |
||
| 650 |
_anutraceutical sector _94489 |
||
| 650 |
_apharmaceutical industries _94490 |
||
| 700 |
_aAbdul Halim Ehsan _94491 |
||
| 856 | _zRequest full-text at [email protected] | ||
| 856 | _zRequest full-text at [email protected] | ||
| 942 | _2lcc | ||
| 942 | _cAR | ||
| 942 | _kJART 001153 | ||
| 999 |
_c1708 _d1708 |
||